00382nam a22001457a 450000500170000001000260001702000110004303500230005403700130007708200100009024500320010026000340013227000420016630000280020820230302165112.0 a ENG-136306 ENG-96596 c275.00 aEN-80129 EN-119838 bDBAD/PUB a630.3 aDictionary of agriculture / aDelhibA.K. Enterprisesc2009 aB-7, G.T. Karnal Road bDelhie110033 a264p.:bill.c23cm (Hb)